| 000 | 00646nam a22001937a 4500 | ||
|---|---|---|---|
| 005 | 20100819154321.0 | ||
| 010 | _aENG-101003 | ||
| 020 |
_a9788189840198 _c100.00 |
||
| 035 | _aEN-84536 | ||
| 037 | _bDBAD/PUB | ||
| 082 | _a658.8 | ||
| 100 |
_aEswaran R _915296 |
||
| 245 |
_aMarketing / _cby R Eswaran |
||
| 260 |
_aErode _bPallavi Publications _c2008 |
||
| 270 |
_a 194, Kanna Complex Mettur Road _bErode _e638011 |
||
| 300 |
_a108p _c21cm(pbk) |
||
| 942 |
_2ddc _cEN _h658.8 _mESW |
||
| 999 |
_c42599 _d42599 |
||